| 000 | 00559nam a22001697a 4500 | ||
|---|---|---|---|
| 005 | 20250903105452.0 | ||
| 008 | 250903b |||||||| |||| 00| 0 eng d | ||
| 037 | _cTB | ||
| 040 |
_aCRL _cCRL |
||
| 041 |
_2हिन्दी _aहिन्दी |
||
| 084 | _qCRL | ||
| 245 | _aसाई कृपा | ||
| 260 |
_aदिल्ली, भारत: _bसोई कृपा संस्थान, _c1996. |
||
| 300 | _a40 प. | ||
| 942 |
_2CC _cTB _n0 |
||
| 999 |
_c1435091 _d1435091 |
||